Statistics for US States with Highest Speed Limits

Click here to take the quiz!

General Stats

  • This quiz has been taken 72 times
  • The average score is 8 of 11

Answer Stats

speed state % Correct
?Montana
85%
78.3Texas
85%
73South Dakota
84%
73Utah
82%
75Wyoming
81%
73North Dakota
81%
72Oklahoma
79%
76.7Idaho
77%
72Kansas
74%
75Maine
35%
72Louisiana
35%

Score Distribution

Percentile by Number Answered

Percent of People with Each Score

Your Score History

You have not taken this quiz